Statistics for Citez les départements français (y compris ceux d'Outre-mer)

Click here to take the quiz!

General Stats

  • This quiz has been taken 183 times
  • The average score is 74 of 101

Answer Stats

Hint Answer % Correct
42Loire
94%
01Ain
93%
75Paris
92%
59Nord
92%
69Rhône
88%
62Pas-de-Calais
86%
02Aisne
86%
06Alpes-Maritimes
84%
05Hautes-Alpes
84%
29Finistère
82%
13Bouches-du-Rhône
82%
972Martinique
82%
971Guadeloupe
82%
45Loiret
81%
2BHaute-Corse
81%
56Morbihan
80%
16Charente
80%
78Yvelines
79%
93Seine-Saint-Denis
79%
68Haut-Rhin
79%
44Loire-Atlantique
78%
27Eure
78%
77Seine-et-Marne
78%
76Seine-Maritime
78%
38Isère
78%
14Calvados
78%
67Bas-Rhin
78%
33Gironde
77%
34Hérault
77%
66Pyrénées-Orientales
77%
22Côtes-d'Armor
77%
51Marne
77%
2ACorse-du-Sud
77%
39Jura
77%
04Alpes-de-Haute-Provence
76%
03Allier
76%
46Lot
76%
54Meurthe-et-Moselle
76%
973Guyane
76%
30Gard
76%
73Savoie
76%
74Haute-Savoie
76%
07Ardèche
76%
64Pyrénées-Atlantiques
75%
60Oise
75%
80Somme
75%
17Charente-Maritime
75%
57Moselle
75%
83Var
75%
25Doubs
75%
84Vaucluse
74%
50Manche
74%
18Cher
74%
11Aude
74%
36Indre
74%
32Gers
73%
21Côte-d'Or
73%
85Vendée
72%
92Hauts-de-Seine
72%
37Indre-et-Loire
72%
10Aube
72%
47Lot-et-Garonne
72%
08Ardennes
71%
41Loir-et-Cher
70%
24Dordogne
70%
28Eure-et-Loir
70%
12Aveyron
70%
23Creuse
70%
35Ille-et-Vilaine
70%
91Essonne
70%
43Haute-Loire
69%
71Saône-et-Loire
69%
15Cantal
69%
40Landes
69%
55Meuse
69%
09Ariège
68%
81Tarn
68%
976Mayotte
68%
19Corrèze
67%
31Haute-Garonne
67%
53Mayenne
67%
26Drôme
67%
88Vosges
67%
90Territoire de Belfort
66%
52Haute-Marne
66%
70Haute-Saône
65%
94Val-de-Marne
65%
95Val-d'Oise
65%
974La Réunion
65%
65Hautes-Pyrénées
64%
63Puy-de-Dôme
64%
89Yonne
64%
61Orne
63%
82Tarn-et-Garonne
62%
86Vienne
61%
72Sarthe
61%
58Nièvre
61%
48Lozère
61%
87Haute-Vienne
58%
49Maine-et-Loire
56%
79Deux-Sèvres
54%

Score Distribution

Percentile by Number Answered

Percent of People with Each Score

Your Score History

You have not taken this quiz